000 00410nam a2200157Ia 4500
008 230917s9999||||xx |||||||||||||| ||und||
040 _e229053
_aMAIN
041 _aEnglish
082 _a005.82 T689I(2)
100 _aTrappe, Wade
245 0 _aIntroduction to cryptography with coding theory
250 _a2nd ed.
260 _aNew Delhi
_bPearson Education
_c2014
300 _axiv, 577 p.
942 _cBK
999 _c180221
_d180221